The rise of nine : (Record no. 343592)
[ view plain ]
| 000 -LEADER | |
|---|---|
| fixed length control field | 00536nam a2200217Ia 4500 |
| 008 - FIXED-LENGTH DATA ELEMENTS--GENERAL INFORMATION | |
| fixed length control field | 170918s9999 xx 000 0 und d |
| 020 ## - INTERNATIONAL STANDARD BOOK NUMBER | |
| International Standard Book Number | 9780062194428 |
| 050 ## - LIBRARY OF CONGRESS CALL NUMBER | |
| Item number | L868 2012 |
| 100 ## - MAIN ENTRY--PERSONAL NAME | |
| Personal name | Lore, Pittacus |
| 245 #4 - TITLE STATEMENT | |
| Title | The rise of nine : |
| 245 ## - TITLE STATEMENT | |
| Remainder of title | book three of the Lorien legacies / |
| 245 ## - TITLE STATEMENT | |
| Statement of responsibility, etc | by Pittacus Lore. |
| 250 ## - EDITION STATEMENT | |
| Edition statement | First edition |
| 260 ## - PUBLICATION, DISTRIBUTION, ETC. (IMPRINT) | |
| Place of publication, distribution, etc | New York : |
| 260 ## - PUBLICATION, DISTRIBUTION, ETC. (IMPRINT) | |
| Name of publisher, distributor, etc | Harper, |
| 260 ## - PUBLICATION, DISTRIBUTION, ETC. (IMPRINT) | |
| Date of publication, distribution, etc | 2012 |
| 300 ## - PHYSICAL DESCRIPTION | |
| Extent | 360 pages : |
| 300 ## - PHYSICAL DESCRIPTION | |
| Other physical details | illustrations ; |
| 300 ## - PHYSICAL DESCRIPTION | |
| Dimensions | 21cm. |
| 300 ## - PHYSICAL DESCRIPTION | |
| Accompanying material | I am number Four. |
| Withdrawn status | Lost status | Damaged status | Home library | Current library | Date acquired | Total Checkouts | Full call number | Barcode | Date last seen | Price effective from | Koha item type |
|---|---|---|---|---|---|---|---|---|---|---|---|
| Stonyhurst Southville International School (Malarayat) | Stonyhurst Southville International School (Malarayat) | 09/18/2017 | FIC L868 2012 bk 3 | SSISM2664 | 09/18/2017 | 09/18/2017 | Books |